Everything ancient Egypt : (Record no. 5842)

MARC details
000 -LEADER
fixed length control field 01054nam a22003017a 4500
001 - CONTROL NUMBER
control field 5842
003 - CONTROL NUMBER IDENTIFIER
control field FISKH
005 - DATE AND TIME OF LATEST TRANSACTION
control field 20250124115527.0
008 - FIXED-LENGTH DATA ELEMENTS--GENERAL INFORMATION
fixed length control field 250124b cb ||||| |||| 00| 0 eng d
020 ## - INTERNATIONAL STANDARD BOOK NUMBER
International Standard Book Number 9780545442572
040 ## - CATALOGING SOURCE
Original cataloging agency FISKH
Language of cataloging eng
Transcribing agency FISKH
Modifying agency FISKH
050 ## - LIBRARY OF CONGRESS CALL NUMBER
Classification number DT61.B676
082 ## - DEWEY DECIMAL CLASSIFICATION NUMBER
Classification number 932.01
100 ## - MAIN ENTRY--PERSONAL NAME
Personal name Boyer, Crispin
245 ## - TITLE STATEMENT
Title Everything ancient Egypt :
Remainder of title Dig into a treasure trove of facts, photos, and fun ! /
Statement of responsibility, etc. By Chrispin Boyer with Egyptologist James P. Allen
250 ## - EDITION STATEMENT
Edition statement First Scholastic printing , March 2012
260 ## - PUBLICATION, DISTRIBUTION, ETC.
Place of publication, distribution, etc. New York :
Name of publisher, distributor, etc. Scholastic ,
Date of publication, distribution, etc. 2012.
300 ## - PHYSICAL DESCRIPTION
Extent 64 pages :
Other physical details color illustrations ;
Dimensions 24 cm .
490 ## - SERIES STATEMENT
Series statement National Geographic Kids Everything
505 ## - FORMATTED CONTENTS NOTE
Formatted contents note Z <br/>
520 ## - SUMMARY, ETC.
Summary, etc. Discusses the mysteries of ancient Egypt, and includes facts covering treasure, pyramids, mummies, and pharaohs.
521 8# - TARGET AUDIENCE NOTE
Target audience note 1100 <br/>
Source Lexile <br/>
521 8# - TARGET AUDIENCE NOTE
Target audience note Z <br/>
Source Raz-Plus <br/>
650 ## - SUBJECT ADDED ENTRY--TOPICAL TERM
Topical term or geographic name entry element ancient history
Form subdivision non-fiction
700 ## - ADDED ENTRY--PERSONAL NAME
Personal name Allen, James P.
Relator term Egyptologist
942 ## - ADDED ENTRY ELEMENTS (KOHA)
Source of classification or shelving scheme Dewey Decimal Classification
Koha item type Books
Suppress in OPAC No
Holdings
Withdrawn status Lost status Source of classification or shelving scheme Damaged status Not for loan Collection Home library Current library Shelving location Date acquired Total Checkouts Full call number Barcode Date last seen Price effective from Koha item type
    Dewey Decimal Classification     Non-Fiction Footprints International School Library Network Toul Kork Campus Footprints International School Library Network Toul Kork Campus TTP Secondary Non-Fiction Bookshelves 01/24/2025   BOY 932.01 DT61.B676 FISSE00960 01/24/2025 01/24/2025 Books